000
00221 a2200097 4500
001
42928
100
_a
BEG Aziz
245
_a
Grass roots government
260
_a
Rawalpindi
_b
pak patriotic pub
_c
090
_c
26809
_d
26809
942
_a
NUST-CAE
_c
M
_c
18679
999
_c
278001
_d
278001